Wytrzymałość materiałów / (Rekord nr 4610)
| 000 -LEADER | |
|---|---|
| fixed length control field | 01288cam a2200421 i 4500 |
| 001 - CONTROL NUMBER | |
| control field | vtls000102508 |
| 003 - CONTROL NUMBER IDENTIFIER | |
| control field | NUKAT |
| 005 - DATE AND TIME OF LATEST TRANSACTION | |
| control field | 20181129083718.0 |
| 008 - FIXED-LENGTH DATA ELEMENTS--GENERAL INFORMATION | |
| fixed length control field | 030225s1979 pl a | |001 ||pol|c |
| 020 ## - INTERNATIONAL STANDARD BOOK NUMBER | |
| International Standard Book Number | 8301005459 |
| 035 ## - SYSTEM CONTROL NUMBER | |
| System control number | zz2003881798 |
| 039 #9 - LEVEL OF BIBLIOGRAPHIC CONTROL AND CODING DETAIL [OBSOLETE] | |
| Level of rules in bibliographic description | 201708221104 |
| Level of effort used to assign nonsubject heading access points | kopkul |
| Level of effort used to assign subject headings | 201509012242 |
| Level of effort used to assign classification | kopumk |
| Level of effort used to assign subject headings | 201507211032 |
| Level of effort used to assign classification | vpski |
| Level of effort used to assign subject headings | 201309111051 |
| Level of effort used to assign classification | vplo |
| 040 ## - CATALOGING SOURCE | |
| Original cataloging agency | LUBL 58/HR |
| Transcribing agency | LUBL 58/HR |
| Modifying agency | LUBL 58/LK |
| 100 1# - MAIN ENTRY--PERSONAL NAME | |
| Personal name | Niezgodziński, Michał Edward |
| Dates associated with a name | (1919-2010). |
| 245 10 - TITLE STATEMENT | |
| Title | Wytrzymałość materiałów / |
| Statement of responsibility, etc | Michał Edward Niezgodziński, Tadeusz Niezgodziński. |
| 250 ## - EDITION STATEMENT | |
| Edition statement | Wyd. 11 zm. |
| 260 ## - PUBLICATION, DISTRIBUTION, ETC. (IMPRINT) | |
| Place of publication, distribution, etc | Warszawa : |
| Name of publisher, distributor, etc | Państwowe Wydaw. Naukowe, |
| Date of publication, distribution, etc | 1979. |
| 300 ## - PHYSICAL DESCRIPTION | |
| Extent | 514, [1] s. : |
| Other physical details | rys. ; |
| Dimensions | 24 cm. |
| 504 ## - BIBLIOGRAPHY, ETC. NOTE | |
| Bibliography, etc | Skorowidz. |
| 650 ## - SUBJECT ADDED ENTRY--TOPICAL TERM | |
| Topical term or geographic name as entry element | Wytrzymałość materiałów |
| Form subdivision | podręczniki akademickie. |
| 951 ## - EQUIVALENCE OR CROSS-REFERENCE-GEOGRAPHIC NAME/AREA NAME [OBSOLETE] [CAN/MARC only] | |
| Geographic name | KIEL_008 |
| 700 1# - ADDED ENTRY--PERSONAL NAME | |
| Personal name | Niezgodziński, Tadeusz |
| Dates associated with a name | (1945- ). |
| 710 2# - ADDED ENTRY--CORPORATE NAME | |
| Corporate name or jurisdiction name as entry element | Państwowe Wydawnictwo Naukowe (1951-1992). |
| Relator code | pbl |
| 9 (RLIN) | 995 |
| 982 ## - EQUIVALENCE OR CROSS-REFERENCE-SERIES STATEMENT--CONFERENCE OR MEETING NAME/TITLE [LOCAL, CANADA] | |
| Meeting name or jurisdiction name as entry element | BYDG_24 |
| 942 ## - ADDED ENTRY ELEMENTS (KOHA) | |
| Source of classification or shelving scheme | |
| Koha item type | Książki |
| 980 ## - EQUIVALENCE OR CROSS-REFERENCE-SERIES STATEMENT--PERSONAL NAME/TITLE [LOCAL, CANADA] | |
| Personal name | SZCZ_ZUT |
Brak dostępnych egzemplarzy.